ბათუმის შოთა რუსთაველის სახელმწიფო უნივერსიტეტის ბიბლიოთეკა

Практикум по математике для заочных техникумов. (ბიბ.ჩანაწერი № 39079)

000 -LEADER
fixed length control field 00753nam a2200205Ia 4500
001 - CONTROL NUMBER
control field 5643
003 - CONTROL NUMBER IDENTIFIER
control field GE_BSU
008 - FIXED-LENGTH DATA ELEMENTS--GENERAL INFORMATION
fixed length control field 181216s||||||||xx |||||||||||||| ||und||
040 ## - CATALOGING SOURCE
Transcribing agency GE_BSU
080 ## - UNIVERSAL DECIMAL CLASSIFICATION NUMBER
Universal Decimal Classification number 51(075.8)
100 ## - MAIN ENTRY--PERSONAL NAME
Personal name Клюева, П.А.; Тальский, Д.А;
245 ## - TITLE STATEMENT
Title Практикум по математике для заочных техникумов.
245 ## - TITLE STATEMENT
Remainder of title Учебное пособие для заочного обучения в средних спец учеб. завед.
260 ## - PUBLICATION, DISTRIBUTION, ETC.
Place of publication, distribution, etc. Москва
260 ## - PUBLICATION, DISTRIBUTION, ETC.
Name of publisher, distributor, etc. Высшая школа
260 ## - PUBLICATION, DISTRIBUTION, ETC.
Date of publication, distribution, etc. 1970
300 ## - PHYSICAL DESCRIPTION
Extent 443 с. 20 см.
653 ## - INDEX TERM--UNCONTROLLED
Uncontrolled term Практикум по математике длязаочных техникумов
942 ## - ADDED ENTRY ELEMENTS (KOHA)
Koha item type წიგნი
ეგზემპლარები
Withdrawn status Lost status Damaged status Not for loan Date acquired Barcode Date last seen Price effective from Koha item type
        2018-12-17 16257 2018-12-17 2018-12-17 წიგნი
        2018-12-17 16382 2018-12-17 2018-12-17 წიგნი